Govt. of
Madhya Pradesh

पर्यटन में इतिहास का अनुप्रयोग (Record no. 66409)

MARC details
000 -LEADER
fixed length control field 00376nam a22001097a 4500
082 ## - DEWEY DECIMAL CLASSIFICATION NUMBER
Classification number 910
100 ## - MAIN ENTRY--AUTHOR NAME
Personal name वरे, डॉ. एस. एल.
245 ## - TITLE STATEMENT
Title पर्यटन में इतिहास का अनुप्रयोग
260 ## - PUBLICATION, DISTRIBUTION, ETC. (IMPRINT)
Place of publication भोपाल
Name of publisher कैलाश पुस्‍तक सदन
Year of publication 2023
650 ## - SUBJECT ADDED ENTRY--TOPICAL TERM
Topical Term यात्रा
942 ## - ADDED ENTRY ELEMENTS (KOHA)
Koha item type Books
Holdings
Withdrawn status Lost status Damaged status Not for loan Home library Current library Date acquired Cost, normal purchase price Full call number Accession Number Price effective from Koha item type
        MACL MACL 21/12/2023 300.00 910 DPI001666 21/12/2023 Hindi Books